Discovery of Bangladesh : explorations into dynamics of a hidden nation /

Historical development of rural settlements, political instability, and proselytization in Bangladesh.

Podrobná bibliografie
Hlavní autor: Khan, Akbar Ali, 1944-
Médium: Kniha
Jazyk:English
Vydáno: Dhaka, Bangladesh : University Press Limited, 2001 [impression 2005, 2009, 2012, 2021].
Vydání:Revised edition
Témata:
Classic Catalogue: View this record in Classic Catalogue
LEADER 03500nam a2200457 a 4500
001 21780
003 BD-DhAAL
008 110125t20092001bg b b 001 0 eng d
010 |a  97900503  
020 |z 984051371X 
020 |a 9847022000288  |a 9847022000282  |a 9840513710 
020 |a 9789845061063 
040 |a DLC  |c DLC  |d BD-DhAAL 
042 |a lcode 
043 |a a-bg--- 
082 0 0 |a 954.92  |2 21 
100 1 |a Khan, Akbar Ali,  |d 1944-  |9 1856 
245 1 0 |a Discovery of Bangladesh :  |b explorations into dynamics of a hidden nation /  |c Akbar Ali Khan. 
250 |a Revised edition 
260 |a Dhaka, Bangladesh :  |b University Press Limited,  |c 2001 [impression 2005, 2009, 2012, 2021]. 
300 |a xvi, 192 pages :  |b maps ;  |c 22 cm. 
504 |a Includes bibliographical references and index. 
520 |a Historical development of rural settlements, political instability, and proselytization in Bangladesh. 
526 |a GenEd 
541 1 |a Book Finder International  |e 21780, 39467, 39468 
651 0 |a Bangladesh  |x History.  |9 1851 
651 0 |a Bengal (India)  |x History.  |9 1852 
852 |a Ayesha Abed Library   |c General Stacks 
942 |2 ddc  |c BK 
999 |c 10390  |d 10390 
952 |0 0  |1 0  |2 ddc  |4 0  |6 954_920000000000000_KHA  |7 0  |9 14199  |a BRACUL  |b BRACUL  |c GEN  |d 2011-01-26  |l 4  |m 11  |o 954.92 KHA  |p 3010021780  |r 2019-04-25  |s 2018-12-09  |t 1  |w 2011-01-26  |y BK 
952 |0 0  |1 0  |2 ddc  |4 0  |6 954_920000000000000_KHA  |7 0  |9 15927  |a BDI  |b BDI  |c GEN  |d 2011-03-30  |e The university press  |g 300.00  |l 0  |o 954.92 KHA  |p 3050022268  |r 2011-03-30  |t 2  |w 2011-03-30  |y BK 
952 |0 0  |1 0  |2 ddc  |4 0  |6 954_920000000000000_KHA  |7 0  |9 20511  |a BRACUL  |b BRACUL  |c GEN  |d 2012-06-18  |g 220.00  |l 2  |m 15  |o 954.92 KHA  |p 3010013477  |r 2015-08-09  |s 2015-04-29  |t 3  |w 2012-06-18  |y BK  |x The book was placed on a one-hour loan at the request of the ARC Department Chairperson, but since it's not in high demand now, it has been moved to the General Stacks on 22 October 2025. 
952 |0 0  |1 0  |2 ddc  |4 0  |6 954_920000000000000_KHA  |7 0  |9 20512  |a BRACUL  |b BRACUL  |c GEN  |d 2012-06-18  |g 220.00  |l 0  |o 954.92 KHA  |p 3010013478  |r 2012-06-18  |t 4  |w 2012-06-18  |y BK  |x The book was placed on a one-hour loan at the request of the ARC Department Chairperson, but since it's not in high demand now, it has been moved to the General Stacks on 22 October 2025. 
952 |0 0  |1 0  |2 ddc  |4 0  |6 954_920000000000000_KHA  |7 0  |9 20513  |a BRACUL  |b BRACUL  |c GEN  |d 2012-06-18  |l 3  |m 13  |o 954.92 KHA  |p 3010008346  |r 2025-10-07  |s 2025-05-25  |t 5  |w 2012-06-18  |y BK 
952 |0 0  |1 0  |2 ddc  |4 0  |6 954_920000000000000_KHA  |7 0  |9 20514  |a BRACUL  |b BRACUL  |c GEN  |d 2012-06-18  |l 2  |o 954.92 KHA  |p 3010016479  |r 2024-02-19  |s 2024-01-14  |t 6  |w 2012-06-18  |y BK 
952 |0 0  |1 0  |2 ddc  |4 0  |6 954_920000000000000_KHA  |7 0  |9 21018  |a IGS  |b IGS  |c GEN  |d 2012-08-26  |e The University Press  |g 360.00  |l 1  |m 2  |o 954.92 KHA  |p 3010025712  |r 2014-06-10  |s 2013-02-18  |t 9  |w 2012-08-26  |y BK 
952 |0 0  |1 0  |2 ddc  |4 0  |6 954_920000000000000_KHA  |7 0  |9 43346  |a SCL  |b SCL  |c GEN  |d 2008-02-18  |l 2  |o 954.92 KHA  |p 3020006870  |r 2023-11-02  |s 2023-10-29  |t 7  |w 2014-07-22  |y BK 
952 |0 0  |1 0  |2 ddc  |4 0  |6 954_920000000000000_KHA  |7 0  |9 43634  |a SCL  |b SCL  |c GEN  |d 1998-11-12  |g 180.00  |l 0  |o 954.92 KHA  |p 3020000581  |r 2014-09-01  |t 8  |w 2014-09-01  |y BK 
952 |0 0  |1 0  |2 ddc  |4 0  |6 954_920000000000000_KHA  |7 0  |9 71518  |a SCL  |b SCL  |c GEN  |d 2022-08-03  |e Book Finder International  |g 289.60  |l 1  |o 954.92 KHA  |p 3020039468  |r 2023-08-20  |s 2023-08-13  |t 11  |v 0.00  |w 2022-08-03  |y BK 
952 |0 0  |1 0  |2 ddc  |4 0  |6 954_920000000000000_KHA  |7 0  |9 71519  |a SCL  |b SCL  |c GEN  |d 2022-08-03  |e Book Finder International  |g 289.60  |l 1  |o 954.92 KHA  |p 3020039467  |r 2022-11-30  |s 2022-11-26  |t 10  |v 0.00  |w 2022-08-03  |y BK